De un país lejano (Record no. 91355)

MARC details
000 -LEADER
campo de control de longitud fija 00983nam a2200265 i 4500
001 - NÚMERO DE CONTROL
campo de control 91355
003 - IDENTIFICADOR DE NÚMERO DE CONTROL
campo de control ES-MaACL
005 - FECHA Y HORA DE LA ÚLTIMA TRANSACCIÓN
campo de control 20250904234818.0
007 - CAMPO FIJO DE DESCRIPCIÓN FÍSICA--INFORMACIÓN GENERAL
campo de control de longitud fija t|
008 - DATOS DE LONGITUD FIJA--INFORMACIÓN GENERAL
campo de control de longitud fija 050128s1982 sp ||||1| spa d
100 1# - ENTRADA PRINCIPAL--NOMBRE DE PERSONA
Nombre de persona Levi, Virgilio.
9 (RLIN) 71957
245 10 - MENCIÓN DEL TÍTULO
Título De un país lejano
Resto del título : Juan Pablo II /
Mención de responsabilidad, etc. guión de A. Kijowski y J.J. Szczepanski ; texto literario de Virgilio Levi ; [la traducción por Luis León de la Barga y Miguel Angel Velasco].
250 ## - MENCION DE EDICION
Mención de edición 2ª ed.
260 ## - PUBLICACIÓN, DISTRIBUCIÓN, ETC.
Lugar de publicación, distribución, etc. [Madrid :
Nombre del editor, distribuidor, etc. Edit. Católica Española,
Fecha de publicación, distribución, etc. 1982]
300 ## - DESCRIPCIÓN FÍSICA
Extensión 167 p., 8 lám. ;
Dimensiones 18 cm.
490 1# - MENCIÓN DE SERIE
Mención de serie Biblioteca de autores cristianos
500 ## - NOTA GENERAL
Nota general Precede al tít.: La película de Krzysztof Zanussi.
700 1# - ENTRADA AGREGADA--NOMBRE PERSONAL
Nombre de persona Szcezepanski, J. J.
9 (RLIN) 108984
700 1# - ENTRADA AGREGADA--NOMBRE PERSONAL
Nombre de persona León de la Barga, Luis.
9 (RLIN) 71609
700 1# - ENTRADA AGREGADA--NOMBRE PERSONAL
Nombre de persona Velasco, Miguel Ángel,
Fechas asociadas al nombre 1939-
9 (RLIN) 147298
700 1# - ENTRADA AGREGADA--NOMBRE PERSONAL
Nombre de persona Kijowski, A.
9 (RLIN) 68022
830 00 - PUNTO DE ACCESO ADICIONAL DE SERIE-TÍTULO UNIFORME
Título uniforme Biblioteca de autores cristianos
9 (RLIN) 178679
852 ## - LOCALIZACIÓN
Ubicación ES-MaACL
Número de control de estantería L-2368
Holdings
Estatus retirado Estado de pérdida Estado de daño No para préstamo Biblioteca de origen Biblioteca actual Ubicación en estantería Fecha de adquisición Fuente de adquisición Total de préstamos Signatura topográfica completa Código de barras Visto por última vez Precio de reemplazo Tipo de ítem Koha
        Biblioteca del Ateneo de Madrid Biblioteca del Ateneo de Madrid Depósito 2 17/01/2008     L-2368 1095378 23/02/2023 23/02/2023 Libro impreso